[Event "Milan Crespi op-C 35th"]
[Site "Milan"]
[Date "2014.12.05"]
[Round "2"]
[White "Quagliarella, Sabino Remo"]
[Black "Bonassi, Tommaso"]
[Result "0-1"]
[WhiteElo "1848"]
[BlackElo "1981"]
[PlyCount "50"]
[EventDate "2014.12.04"]
[EventType "swiss"]
[EventRounds "7"]
[EventCountry "ITA"]
[SourceTitle "EXT 2017"]
[Source "ChessBase"]
[SourceDate "2016.10.25"]
[SourceVersion "1"]
[SourceVersionDate "2016.10.25"]
[SourceQuality "1"]

1. d4 Nf6 2. Nf3 e6 3. c4 Bb4+ 4. Bd2 Qe7 5. Nc3 c5 6. e3 Nc6 7. Be2 d6 8. 0-0 Bxc3 9. bxc3 e5 10. d5 Nd8 11. a4 a5 12. Ne1 0-0 13. Qc2 Ne8 14. e4 f5 15. Bf3 f4 16. Rb1 Rf6 17. g3 Rh6 18. Bg2 g5 19. Nf3 Bg4 20. Qd3 Qg7 21. Rfe1 Qg6 22. h4 Bxf3 23. hxg5 Bxg2 24. gxh6 f3 25. Qe3 Nf7 0-1

[Event "Milan SSM op 07"]
[Site "Milan"]
[Date "2014.07.06"]
[Round "5"]
[White "Quagliarella, Sabino Remo"]
[Black "Bisignano, Giuseppe"]
[Result "1-0"]
[WhiteElo "1838"]
[BlackElo "1872"]
[PlyCount "95"]
[EventDate "2014.07.03"]
[EventType "swiss"]
[EventRounds "5"]
[EventCountry "ITA"]
[SourceTitle "EXT 2016"]
[Source "ChessBase"]
[SourceDate "2015.10.08"]
[SourceVersion "1"]
[SourceVersionDate "2015.10.08"]
[SourceQuality "1"]

1. Nf3 d5 2. d4 e6 3. Nbd2 c5 4. c3 Nc6 5. e3 Nf6 6. Bd3 c4 7. Bc2 Qc7 8. e4 dxe4 9. Nxe4 Be7 10. Nxf6+ Bxf6 11. 0-0 0-0 12. Ng5 g6 13. h4 h6 14. Ne4 Bg7 15. Qf3 f5 16. Qg3 Qxg3 17. Nxg3 Bd7 18. f4 Ne7 19. h5 Kh7 20. hxg6+ Kxg6 21. Bd1 Nd5 22. Bh5+ Kh7 23. Bf3 Rae8 24. Bd2 Rg8 25. Kf2 Nf6 26. Rh1 Bc6 27. Bxc6 bxc6 28. Rae1 Bf8 29. Kf3 Bd6 30. Re2 Rg4 31. Rh3 Kg6 32. Nf1 h5 33. g3 h4 34. Rxh4 Rxh4 35. gxh4 Ne4 36. Rg2+ Kf6 37. Be1 Rh8 38. Ne3 c5 39. Nxc4 Bc7 40. Nd2 Nxd2+ 41. Rxd2 cxd4 42. Rxd4 Rg8 43. Bg3 Rb8 44. Rd2 a5 45. h5 Rh8 46. Bh4+ Kf7 47. Rd7+ Kf8 48. Rxc7 1-0

[Event "Milan SSM op 07"]
[Site "Milan"]
[Date "2014.07.04"]
[Round "2"]
[White "Hansen, Torbjorn Ringdal"]
[Black "Quagliarella, Sabino Remo"]
[Result "1-0"]
[WhiteElo "2448"]
[BlackElo "1838"]
[PlyCount "27"]
[EventDate "2014.07.03"]
[EventType "swiss"]
[EventRounds "5"]
[EventCountry "ITA"]
[SourceTitle "EXT 2016"]
[Source "ChessBase"]
[SourceDate "2015.10.08"]
[SourceVersion "1"]
[SourceVersionDate "2015.10.08"]
[SourceQuality "1"]

1. e4 c5 2. Nf3 d6 3. d4 cxd4 4. Nxd4 Nf6 5. Nc3 e6 6. g4 Be7 7. g5 Nfd7 8. h4 Nc6 9. Be3 a6 10. Qe2 Qa5 11. 0-0-0 Nb6 12. Nb3 Qb4 13. a3 Qc4 14. Qe1 1-0

[Event "EU-ch Seniors 11th"]
[Site "Courmayeur"]
[Date "2011.04.13"]
[Round "8"]
[White "Quagliarella, Sabino Remo"]
[Black "Barlocco, Carlo"]
[Result "1/2-1/2"]
[WhiteElo "1889"]
[BlackElo "2162"]
[PlyCount "90"]
[EventDate "2011.04.06"]
[EventType "swiss"]
[EventRounds "9"]
[EventCountry "ITA"]
[SourceTitle "CBM 141 Extra"]
[Source "ChessBase"]
[SourceDate "2011.05.03"]
[SourceVersion "1"]
[SourceVersionDate "2011.05.03"]
[SourceQuality "1"]

1. d4 Nf6 2. c4 c6 3. Nf3 d5 4. e3 g6 5. Be2 Bg7 6. Nc3 0-0 7. 0-0 Nbd7 8. b3 b6 9. cxd5 cxd5 10. Ba3 Bb7 11. Rc1 a6 12. Nd2 Re8 13. Bf3 e5 14. dxe5 Nxe5 15. Be2 Rc8 16. Nf3 Ne4 17. Nxe4 Nxf3+ 18. Bxf3 dxe4 19. Bg4 f5 20. Be2 b5 21. Rxc8 Qxc8 22. Qc1 Rd8 23. Qxc8 Rxc8 24. Rc1 Rxc1+ 25. Bxc1 Bc3 26. a4 b4 27. Bc4+ Kg7 28. Kf1 a5 29. Ke2 Kf6 30. Bd2 Be5 31. h3 g5 32. f4 exf3+ 33. gxf3 Bc7 34. Be1 h5 35. h4 Kg6 36. Bf2 Bd8 37. hxg5 Kxg5 38. Bg3 h4 39. Bf4+ Kf6 40. Kf2 Kg6 41. Be6 Bg5 42. Bh2 Kf6 43. Bc4 f4 44. exf4 Bh6 45. Ke2 Bf8 1/2-1/2

[Event "EU-ch Seniors 11th"]
[Site "Courmayeur"]
[Date "2011.04.12"]
[Round "7"]
[White "Gardi, Giuseppe"]
[Black "Quagliarella, Sabino Remo"]
[Result "0-1"]
[WhiteElo "2061"]
[BlackElo "1889"]
[PlyCount "59"]
[EventDate "2011.04.06"]
[EventType "swiss"]
[EventRounds "9"]
[EventCountry "ITA"]
[SourceTitle "CBM 141 Extra"]
[Source "ChessBase"]
[SourceDate "2011.05.03"]
[SourceVersion "1"]
[SourceVersionDate "2011.05.03"]
[SourceQuality "1"]

1. d4 Nf6 2. Nf3 d5 3. e3 c5 4. c3 Nc6 5. Bd3 Bg4 6. h3 Bh5 7. g4 c4 8. Bc2 Bg6 9. Nbd2 e6 10. Bxg6 hxg6 11. Ng1 e5 12. Qf3 e4 13. Qg2 Bd6 14. f3 Qe7 15. fxe4 Nxe4 16. Nxe4 dxe4 17. Ne2 0-0-0 18. Bd2 Qh4+ 19. Kd1 Rde8 20. Be1 Rd8 21. Bg3 Bxg3 22. Nxg3 Ne5 23. Nxe4 Nd3 24. Kc2 Qe7 25. Nd6+ Qxd6 26. e4 Qc6 27. b3 Rhe8 28. bxc4 Nf4 29. Qf1 Rxe4 30. Kc1 0-1

[Event "Wch Seniors 20th"]
[Site "Arco"]
[Date "2010.10.27"]
[Round "2"]
[White "Quagliarella, Sabino Remo"]
[Black "Butnorius, Algimantas"]
[Result "0-1"]
[WhiteElo "1937"]
[BlackElo "2439"]
[PlyCount "68"]
[EventDate "2010.10.26"]
[EventType "swiss"]
[EventRounds "11"]
[EventCountry "ITA"]
[SourceTitle "EXT 2011"]
[Source "ChessBase"]
[SourceDate "2010.11.26"]
[SourceVersion "1"]
[SourceVersionDate "2010.11.26"]
[SourceQuality "1"]

1. d4 Nf6 2. Nf3 e6 3. Bg5 Be7 4. e3 c5 5. Be2 Qb6 6. b3 Nc6 7. 0-0 h6 8. Bf4 0-0 9. Nbd2 d5 10. dxc5 Bxc5 11. c4 Rd8 12. Qb1 Bd7 13. Ne5 Be8 14. Nd3 Be7 15. Rd1 Ne4 16. Nxe4 dxe4 17. c5 Qa6 18. Bd6 exd3 19. Bxd3 Qa3 20. Bxe7 Nxe7 21. Qc2 Rac8 22. Rac1 b6 23. Bh7+ Kf8 24. Rxd8 Rxd8 25. Be4 bxc5 26. h3 c4 27. bxc4 Ba4 28. Qb1 Qxc1+ 29. Qxc1 Rd1+ 30. Qxd1 Bxd1 31. Kf1 Ke8 32. Ke1 Ba4 33. f3 Kd7 34. Kd2 Kd6 0-1

[Event "Milan SSM August"]
[Site "Milan"]
[Date "2010.08.02"]
[Round "5"]
[White "Bemporad, Filippo"]
[Black "Quagliarella, Sabino Remo"]
[Result "0-1"]
[WhiteElo "2061"]
[BlackElo "1946"]
[PlyCount "82"]
[EventDate "2010.07.30"]
[EventType "swiss"]
[EventRounds "7"]
[EventCountry "ITA"]
[SourceTitle "EXT 2024"]
[Source "ChessBase"]
[SourceDate "2023.10.10"]
[SourceVersion "1"]
[SourceVersionDate "2023.10.10"]
[SourceQuality "1"]

1. d4 d5 2. Nf3 Nf6 3. c4 e6 4. g3 c6 5. Bg2 Nbd7 6. 0-0 Be7 7. Nc3 0-0 8. Nd2 Re8 9. e4 dxe4 10. Ndxe4 Nxe4 11. Nxe4 Nf6 12. Nc3 h6 13. Be3 Qa5 14. a3 Bd7 15. b4 Qc7 16. Rc1 a5 17. Qb3 axb4 18. axb4 Ra6 19. Ra1 Rea8 20. Rxa6 Rxa6 21. Na4 b6 22. b5 cxb5 23. cxb5 Ra5 24. Bc6 Bxc6 25. bxc6 Qxc6 26. Nb2 Ra3 27. Qc4 Qb7 28. Qb5 Ra5 29. Qb3 Nd5 30. Nc4 Ra8 31. Rb1 Bb4 32. Bd2 Bxd2 33. Nxd2 Qa6 34. Nc4 Rc8 35. Ne5 Qe2 36. Qb5 Rc1+ 37. Kg2 Qe4+ 38. f3 Qxb1 39. Qe8+ Kh7 40. Nxf7 Rg1+ 41. Kh3 Qf5+ 0-1